[Event "Titled Tue 3rd Jun Early"]
[Site "chess.com INT"]
[Date "2025.06.03"]
[Round "6"]
[White "Klymchuk, Andriy"]
[Black "Gyurjinyan, Valter"]
[Result "1-0"]
[WhiteTitle "FM"]
[BlackTitle "CM"]
[WhiteElo "2405"]
[BlackElo "2208"]
[WhiteFideId "14140063"]
[BlackFideId "13318179"]
[EventDate "2025.06.03"]

1. e4 c5 2. d4 cxd4 3. Qxd4 Nc6 4. Qd3 Nf6 5. Nc3 d6 6. Nf3 g6 7. Be2 Bg7 8. O-O
O-O 9. Nd5 Nd7 10. c3 Nc5 11. Qc2 e6 12. Ne3 f5 13. exf5 gxf5 14. Rd1 Qe7 15. b4
Ne4 16. Bb2 d5 17. a3 a5 18. b5 Ne5 19. c4 Nxf3+ 20. gxf3 d4 21. fxe4 dxe3 22.
fxe3 e5 23. c5 Qh4 24. Bc4+ Kh8 25. Kh1 fxe4 26. Rg1 Bg4 27. Rg3 Rf3 28. Rag1
Rxg3 29. Rxg3 Rd8 30. Be2 Bf5 31. c6 bxc6 32. bxc6 Qe7 33. a4 Bg6 34. Bb5 Bh6
35. Bc3 Bg7 36. Bxa5 Rd3 37. c7 Bf5 38. c8=Q+ Bxc8 39. Qxc8+ Bf8 40. Qc4 Bg7 41.
Qxe4 Rd1+ 42. Kg2 1-0

[Event "Titled Tue 3rd Jun Early"]
[Site "chess.com INT"]
[Date "2025.06.03"]
[Round "6"]
[White "Otdelnov, Kirill"]
[Black "Swara Lakshmi S Nair"]
[Result "1-0"]
[WhiteTitle "FM"]
[BlackTitle "WCM"]
[WhiteElo "2273"]
[BlackElo "2178"]
[WhiteFideId "24280216"]
[BlackFideId "25629239"]
[EventDate "2025.06.03"]

1. b3 e5 2. Bb2 Nc6 3. e3 Nf6 4. Bb5 e4 5. Nc3 Bc5 6. a3 O-O 7. b4 Bb6 8. Nge2
a6 9. Ba4 d5 10. d3 exd3 11. cxd3 d4 12. exd4 Nxd4 13. Nxd4 Bxd4 14. O-O Bf5 15.
Qc2 Bxd3 16. Qd2 Bxf1 17. Rxf1 c5 18. bxc5 Bxc5 19. Qg5 Qb6 20. Ba1 Bd4 21. Rd1
Bxf2+ 22. Kh1 Be3 23. Qg3 Ne4 24. Nxe4 Bh6 25. Nf6+ Kh8 26. Ng4 Rad8 27. Rf1 f5
28. Nxh6 Qxh6 29. Be5 b5 30. Bb3 Rfe8 31. h3 Qg6 32. Qc3 Rc8 33. Qb2 h6 34. Rf3
f4 35. Kh2 Rf8 36. Bxf4 Rxf4 37. Rxf4 Qd6 38. Qd4 Qb8 39. Kg1 Rd8 40. Qe4 Qb6+
41. Kh2 Qc7 42. Bc2 g5 43. Kh1 gxf4 44. Qg6 Qg7 45. Qf5 Rg8 46. Be4 Qa1+ 47. Kh2
Qc1 48. Qh7# 1-0

[Event "Titled Tue 3rd Jun Early"]
[Site "chess.com INT"]
[Date "2025.06.03"]
[Round "6"]
[White "Tursunalieva, Nurelina"]
[Black "Yevchenko, Oleksandr"]
[Result "1-0"]
[WhiteTitle "WCM"]
[BlackTitle "CM"]
[WhiteElo "1810"]
[BlackElo "2276"]
[WhiteFideId "13817329"]
[BlackFideId "14108267"]
[EventDate "2025.06.03"]

1. e4 c5 2. d4 cxd4 3. c3 Nf6 4. e5 Nd5 5. cxd4 d6 6. Nf3 Nc6 7. Bc4 Nb6 8. Bb5
dxe5 9. Nxe5 Bd7 10. Nxd7 Qxd7 11. O-O e6 12. Be3 a6 13. Bxc6 Qxc6 14. Nc3 Bd6
15. Rc1 Qd7 16. Ne4 O-O 17. Nc5 Qe7 18. Qb3 Nd5 19. a3 b6 20. Ne4 Bxh2+ 21. Kxh2
Qh4+ 22. Kg1 Qxe4 23. Qc2 Qg4 24. Rfe1 h5 25. Qe2 Qf5 26. f3 b5 27. Bf2 Rac8 28.
Qe4 Qg5 29. Rxc8 Rxc8 30. Bh4 Qd2 31. Re2 Rc1+ 32. Kh2 Qd1 33. Qe5 Rc4 34. Re4
Rc2 35. Qxh5 Qd2 36. Rg4 Rxb2 37. Bg5 Qd3 38. Bh6 g6 39. Qg5 Qf5 40. Qd8+ Kh7
41. Qf8 Qf6 42. Bg5 Qf5 43. Rh4# 1-0

[Event "Titled Tue 3rd Jun Early"]
[Site "chess.com INT"]
[Date "2025.06.03"]
[Round "6"]
[White "Bok, Benjamin"]
[Black "Terry, Renato"]
[Result "1-0"]
[WhiteTitle "GM"]
[BlackTitle "IM"]
[WhiteElo "2591"]
[BlackElo "2508"]
[WhiteFideId "1017063"]
[BlackFideId "3803457"]
[EventDate "2025.06.03"]

1. d4 e6 2. c4 b6 3. e4 Bb7 4. Bd3 Bb4+ 5. Bd2 Bxd2+ 6. Qxd2 d6 7. Nc3 e5 8. Nf3
Nd7 9. O-O Ngf6 10. d5 a5 11. b3 O-O 12. a3 Nh5 13. b4 Nf4 14. Bc2 Ba6 15. g3
Nh5 16. Bd3 g6 17. Rfc1 Kg7 18. Bf1 h6 19. Na4 axb4 20. axb4 f5 21. exf5 Rxf5
22. Qe3 Rf7 23. Bh3 Nf8 24. c5 bxc5 25. bxc5 Bc8 26. Bxc8 Rxc8 27. cxd6 cxd6 28.
Rc6 Ra8 29. Rc2 Rfa7 30. Rca2 Nf6 31. Qd2 N8d7 32. Nc3 Rxa2 33. Rxa2 Nb6 34. h4
Qc8 35. Rxa8 Qxa8 36. Nb5 Qb8 37. Nc3 Qa7 38. Nb5 Qb8 39. Qc3 Qc7 40. Qxc7+ 1-0

[Event "Titled Tue 3rd Jun Early"]
[Site "chess.com INT"]
[Date "2025.06.03"]
[Round "6"]
[White "Hungaski, Robert"]
[Black "Vingris, Mikelis"]
[Result "1-0"]
[WhiteTitle "GM"]
[WhiteElo "2477"]
[BlackElo "2102"]
[WhiteFideId "2021030"]
[BlackFideId "11611731"]
[EventDate "2025.06.03"]

1. h3 c5 2. e3 d5 3. Nf3 Nc6 4. Bb5 Qc7 5. O-O Nf6 6. c4 e6 7. d4 dxc4 8. Bxc4
cxd4 9. exd4 Be7 10. Nc3 a6 11. Re1 O-O 12. Bg5 b5 13. Bd3 Bb7 14. Rc1 Rfd8 15.
Bb1 Qb6 16. Bxf6 Bxf6 17. d5 exd5 18. Nxd5 Rxd5 19. Qxd5 Nd4 20. Bxh7+ Kxh7 21.
Ng5+ Bxg5 22. Qxg5 Ne6 23. Qe7 Kg8 24. Rc3 Bd5 25. Re5 Qb7 26. Rxe6 fxe6 27. Rc7
Qxc7 28. Qxc7 Bxa2 29. Qc6 Bd5 30. Qb6 Kf7 31. b4 Kg8 32. f3 Bc4 33. h4 Bd5 34.
Kf2 Kh7 35. h5 Kh6 36. g4 Rf8 37. Qe3+ Kh7 38. f4 Rc8 39. Qd3+ Kg8 40. Qg6 Rc4
41. Kg3 Rc3+ 42. Kh4 Rc4 43. h6 Rc7 44. f5 1-0

[Event "Titled Tue 3rd Jun Early"]
[Site "chess.com INT"]
[Date "2025.06.03"]
[Round "6"]
[White "Mayta Aiza, Maveric"]
[Black "Gkavardinas, Antonios"]
[Result "1-0"]
[WhiteTitle "CM"]
[BlackTitle "FM"]
[WhiteElo "2184"]
[BlackElo "2313"]
[WhiteFideId "3307336"]
[BlackFideId "25883097"]
[EventDate "2025.06.03"]

1. e4 d5 2. exd5 Qxd5 3. Nc3 Qd8 4. d4 c6 5. Nf3 Bg4 6. h3 Bxf3 7. Qxf3 Nf6 8.
Be3 e6 9. Bd3 Bb4 10. O-O O-O 11. Ne4 Nbd7 12. Bg5 Be7 13. Bh4 Nxe4 14. Qxe4 g6
15. Bg3 Nf6 16. Qe3 Nd5 17. Qd2 Bf6 18. c3 Qd7 19. Rfe1 Rfe8 20. Rad1 Rad8 21.
Bc2 Ne7 22. Qe2 Nf5 23. Bf4 Qd5 24. b3 Qa5 25. Bxf5 Qxf5 26. Be5 Bxe5 27. dxe5
Qg5 28. Rd6 Rxd6 29. exd6 Rd8 30. Rd1 Qc5 31. Qd3 Rd7 32. b4 Qd5 33. Qc2 Qf5 34.
Qxf5 gxf5 35. c4 Kg7 36. c5 Kf6 37. f4 Rd8 38. Kf2 Kg7 39. Ke3 Kf8 40. Kd4 f6
41. Re1 Kf7 42. Kc4 Rg8 43. Re2 b5+ 44. cxb6 axb6 45. a4 Rd8 46. Rd2 e5 47. fxe5
fxe5 48. a5 bxa5 49. bxa5 Ke6 50. Kc5 e4 51. a6 e3 52. Ra2 Kd7 53. a7 Ra8 54. g3
h6 55. Kd4 Kxd6 56. Kxe3 Kc7 57. Kf4 c5 58. Kxf5 c4 59. Ke4 Kb6 60. Kd4 1-0

[Event "Titled Tue 3rd Jun Early"]
[Site "chess.com INT"]
[Date "2025.06.03"]
[Round "6"]
[White "Lau, Lut Yin Luke"]
[Black "Amarasinghe, A A C B"]
[Result "1-0"]
[WhiteTitle "CM"]
[BlackTitle "CM"]
[WhiteElo "2243"]
[BlackElo "1949"]
[WhiteFideId "6002226"]
[BlackFideId "9901809"]
[EventDate "2025.06.03"]

1. Nf3 Nf6 2. c4 c5 3. g3 b6 4. Bg2 Bb7 5. O-O e6 6. Nc3 Be7 7. Re1 O-O 8. e4 d6
9. d4 cxd4 10. Nxd4 a6 11. Be3 Qc7 12. Rc1 Nbd7 13. h3 Rac8 14. g4 Nc5 15. Bg5
h6 16. Bh4 Rfe8 17. Bg3 Nfd7 18. b4 e5 19. Nf5 Ne6 20. Nxe7+ Rxe7 21. Nd5 Bxd5
22. cxd5 Qxc1 23. Qxc1 Rxc1 24. Rxc1 Nd4 25. Bf1 Nf6 26. Bxa6 Nxe4 27. Rc8+ Kh7
28. Bd3 f5 29. gxf5 Nf6 30. Bb1 Ra7 31. Rd8 Ra3 32. Rxd6 Rc3 33. Kg2 Rc1 34. Bd3
e4 35. Ba6 Nf3 36. Bh2 Nh5 37. Rc6 Nf4+ 38. Kg3 Ne2+ 39. Kg4 Rh1 40. Bg3 Ne5+
41. Bxe5 Rg1+ 42. Bg3 1-0

[Event "Titled Tue 3rd Jun Early"]
[Site "chess.com INT"]
[Date "2025.06.03"]
[Round "6"]
[White "Kholyavko, Mariya"]
[Black "Moeller, Maurin"]
[Result "0-1"]
[WhiteTitle "WFM"]
[BlackTitle "FM"]
[WhiteElo "2130"]
[BlackElo "2291"]
[WhiteFideId "13748505"]
[BlackFideId "16265696"]
[EventDate "2025.06.03"]

1. Nf3 g6 2. g3 Bg7 3. Bg2 c5 4. O-O Nf6 5. d3 O-O 6. e4 d6 7. Re1 Nc6 8. Nbd2
Rb8 9. c3 Nd7 10. Nf1 b5 11. d4 cxd4 12. cxd4 Nb6 13. d5 Na5 14. Nd4 Bd7 15. Ne3
Nbc4 16. Nxc4 Nxc4 17. b3 Qb6 18. Nc2 Bxa1 19. Nxa1 Na5 20. Be3 Qc7 21. Qd4 Rfc8
22. Bf1 f6 23. Rc1 Qb7 24. Nc2 b4 25. Qd2 Bb5 26. Bh3 Bd7 27. Bf1 Rc7 28. Rd1
Bg4 29. Re1 Kf7 30. h3 Bd7 31. Nd4 Rc3 32. Qe2 Rbc8 33. Bd2 R3c7 34. f4 Qb6 35.
Be3 Rc3 36. Bf2 Qc7 37. e5 dxe5 38. fxe5 Qxe5 39. Qa6 Rxg3+ 40. Bxg3 Qxg3+ 41.
Bg2 Qxe1+ 42. Bf1 Qe3+ 43. Kh1 Qxd4 44. Qxa5 Rc5 45. Qxa7 Qxd5+ 46. Bg2 Rc1+ 47.
Kh2 Qe5# 0-1

[Event "Titled Tue 3rd Jun Early"]
[Site "chess.com INT"]
[Date "2025.06.03"]
[Round "6"]
[White "Horobetz, Graham"]
[Black "Suarez, Pedro"]
[Result "1-0"]
[BlackTitle "CM"]
[WhiteElo "2250"]
[BlackElo "2066"]
[WhiteFideId "2047322"]
[BlackFideId "3007642"]
[EventDate "2025.06.03"]

1. e4 d6 2. d4 Nf6 3. Nc3 Nbd7 4. Nf3 e5 5. Rg1 g6 6. g4 Bg7 7. dxe5 dxe5 8. g5
Nh5 9. Bc4 c6 10. a4 O-O 11. Be3 b6 12. Qd6 Bb7 13. O-O-O Nc5 14. Bxc5 bxc5 15.
Qxd8 Raxd8 16. Rxd8 Rxd8 17. Rd1 Rxd1+ 18. Kxd1 Nf4 19. Ne2 Nh3 20. Ke1 Bc8 21.
Neg1 Nf4 22. Bf1 h6 23. h4 hxg5 24. hxg5 Kf8 25. Ne2 Nxe2 26. Bxe2 Be6 27. b3
Ke7 28. Kd2 Kd6 29. Ke3 Bf8 30. Nd2 Be7 31. f4 Bd8 32. Bc4 Ba5 33. Nf3 Bxc4 34.
bxc4 exf4+ 35. Kxf4 Bd8 36. e5+ Ke6 37. Ne1 Be7 38. Nd3 Bf8 39. a5 Be7 40. a6
Bf8 41. Ke4 Be7 42. Nf4+ Kd7 43. e6+ fxe6 44. Nd3 Bxg5 45. Ne5+ Kd6 46. Nf7+ Ke7
47. Nxg5 Kf6 48. Nf3 g5 49. Ne5 1-0

[Event "Titled Tue 3rd Jun Early"]
[Site "chess.com INT"]
[Date "2025.06.03"]
[Round "6"]
[White "Shafer, Logan C"]
[Black "Shuvalov, Evgenij"]
[Result "1/2-1/2"]
[WhiteTitle "CM"]
[WhiteElo "2291"]
[BlackElo "1986"]
[WhiteFideId "30993342"]
[BlackFideId "4187237"]
[EventDate "2025.06.03"]

1. e4 e6 2. d4 d5 3. Nd2 c5 4. Ngf3 Nc6 5. exd5 exd5 6. Bb5 Qe7+ 7. Qe2 Qxe2+ 8.
Bxe2 Bf5 9. c3 cxd4 10. Nxd4 Nxd4 11. cxd4 Bd6 12. O-O Ne7 13. Bf3 Rc8 14. Nb1
Be4 15. Bxe4 dxe4 16. Nc3 f5 17. f3 exf3 18. Rxf3 O-O 19. Bg5 Nc6 20. Be3 g6 21.
Bf2 Rfe8 22. h4 h5 23. Rd1 Kf7 24. Bg3 Bb4 25. d5 Ne5 26. Bxe5 Rxe5 27. Rfd3 Ke7
28. d6+ Kd7 29. Nd5 Bc5+ 30. Kh2 Re6 31. Nf4 Rxd6 32. Nxg6 Re8 33. Nf4 Re4 34.
g3 Kc6 35. Kg2 Rxd3 36. Rxd3 Bd6 37. Nxh5 Re2+ 38. Kf3 Rxb2 39. a3 Ra2 40. Ng7
f4 41. gxf4 Rxa3 42. Rxa3 Bxa3 43. h5 Bb2 44. h6 a5 45. Ke4 a4 46. Kd3 b5 47.
Kc2 Bf6 48. Nh5 Bh8 49. Ng7 Kd5 50. Kc3 Ke4 51. Kb4 Kxf4 52. Ne6+ Kf5 53. Nc5
Kg6 54. Nxa4 bxa4 55. Kxa4 Kxh6 1/2-1/2

[Event "Titled Tue 3rd Jun Early"]
[Site "chess.com INT"]
[Date "2025.06.03"]
[Round "6"]
[White "Drygalov, Sergey"]
[Black "Kurmangaliyeva, Liya"]
[Result "1-0"]
[WhiteTitle "GM"]
[BlackTitle "FM"]
[WhiteElo "2560"]
[BlackElo "2246"]
[WhiteFideId "24171743"]
[BlackFideId "13725831"]
[EventDate "2025.06.03"]

1. d4 d5 2. c4 e6 3. Nf3 c6 4. Nbd2 Nf6 5. Qc2 Nbd7 6. g3 Bd6 7. Bg2 O-O 8. O-O
Re8 9. b3 e5 10. dxe5 Nxe5 11. Bb2 Nxf3+ 12. Nxf3 Bg4 13. Rad1 h6 14. h3 Bh5 15.
Nh4 Bxe2 16. cxd5 Bxf1 17. Bxf1 cxd5 18. Nf5 Be5 19. Ba3 Qd7 20. Bd3 Rac8 21.
Qd2 Qe6 22. Qe3 Ne4 23. Bxe4 dxe4 24. Qxe4 Bf6 25. Qg4 Qe2 26. Ne7+ Rxe7 27.
Qxc8+ Kh7 28. Rf1 Re6 29. Qxb7 Qh5 30. Kg2 a5 31. Qf3 Qb5 32. Rd1 Re2 33. Rd5
Qe8 34. Qf5+ Kg8 35. Rc5 Qa8+ 36. Qf3 Qxf3+ 37. Kxf3 Rxa2 38. Rxa5 Bd4 39. Bb4
Rxf2+ 40. Ke4 Bb2 41. Bd6 Re2+ 42. Kd3 Re6 43. Bf4 g5 44. Bd2 Rd6+ 45. Kc2 Be5
46. Rxe5 1-0

[Event "Titled Tue 3rd Jun Early"]
[Site "chess.com INT"]
[Date "2025.06.03"]
[Round "6"]
[White "Bustelo, Tabare"]
[Black "Safin Safarullakhan"]
[Result "0-1"]
[WhiteTitle "CM"]
[BlackTitle "CM"]
[WhiteElo "2043"]
[BlackElo "2109"]
[WhiteFideId "3000362"]
[BlackFideId "33379475"]
[EventDate "2025.06.03"]

1. d4 Nf6 2. Bg5 e6 3. e4 h6 4. Bxf6 Qxf6 5. e5 Qd8 6. Nf3 d5 7. Bd3 c5 8. c3
Nc6 9. O-O a6 10. b3 b5 11. a4 Rb8 12. axb5 axb5 13. c4 bxc4 14. bxc4 Nxd4 15.
Nxd4 cxd4 16. cxd5 Qxd5 17. Qe2 Bb7 18. f3 Bb4 19. Nd2 O-O 20. Nc4 Bc3 21. Nb6
Qc6 22. Rab1 Rfd8 23. h3 Qc5 24. Nc4 Ba6 25. Rxb8 Rxb8 26. Qe4 Bxc4 27. Qh7+ Kf8
28. Qh8+ Ke7 29. Qxb8 Bxd3 30. Rc1 Bc4 31. Kh2 f6 32. f4 Bd5 33. Rb1 Kf7 34. Qd8
d3 35. Rb8 Qc6 36. Qg8+ Kg6 37. exf6 Bxf6 0-1

[Event "Titled Tue 3rd Jun Early"]
[Site "chess.com INT"]
[Date "2025.06.03"]
[Round "6"]
[White "Lamard, Guillaume"]
[Black "Jai Sankar Subramanian"]
[Result "1-0"]
[WhiteTitle "GM"]
[BlackTitle "FM"]
[WhiteElo "2500"]
[BlackElo "2307"]
[WhiteFideId "600261"]
[BlackFideId "25931970"]
[EventDate "2025.06.03"]

1. e4 c5 2. Nf3 Nc6 3. c3 d5 4. exd5 Qxd5 5. d4 cxd4 6. cxd4 e6 7. Nc3 Bb4 8.
Bd3 Nf6 9. O-O Qh5 10. a3 Bd6 11. h3 O-O 12. Re1 b6 13. Ne4 Nxe4 14. Rxe4 f5 15.
Re1 h6 16. Bc4 Rf6 17. d5 Na5 18. Be2 Qf7 19. b4 Nb7 20. Bb2 Rg6 21. Bc4 Kh7 22.
dxe6 Qc7 23. Qb3 a5 24. Rac1 Qe7 25. Bc3 axb4 26. axb4 Bf4 27. Bd5 Bxc1 28. Rxc1
Ra7 29. Re1 Nd6 30. Nd4 Bb7 31. Nc6 Bxc6 32. Bxc6 Rc7 33. b5 Ne4 34. Be5 Rc8 35.
Bd7 Rf8 36. Qd5 Qg5 37. g4 fxg4 38. Qxe4 gxh3+ 39. Kh2 Qg2+ 40. Qxg2 Rxg2+ 41.
Kxh3 1-0

[Event "Titled Tue 3rd Jun Early"]
[Site "chess.com INT"]
[Date "2025.06.03"]
[Round "6"]
[White "Bratovic, Blaz"]
[Black "Leinov, Roman"]
[Result "1/2-1/2"]
[WhiteTitle "IM"]
[BlackTitle "CM"]
[WhiteElo "2319"]
[BlackElo "2120"]
[WhiteFideId "14603551"]
[BlackFideId "13504649"]
[EventDate "2025.06.03"]

1. e4 c5 2. Nf3 g6 3. c3 Bg7 4. d4 cxd4 5. cxd4 d5 6. e5 a6 7. h3 Nc6 8. Nc3 f6
9. Bf4 fxe5 10. dxe5 Nh6 11. Qxd5 Qxd5 12. Nxd5 O-O 13. Bc4 Kh8 14. Bxh6 Bxh6
15. Nb6 Rb8 16. Nxc8 Rbxc8 17. Be6 Rcd8 18. Rd1 Rxd1+ 19. Kxd1 Bf4 20. Re1 Rd8+
21. Kc2 Nb4+ 22. Kb1 Kg7 23. a3 Nd3 24. Rd1 b5 25. Ne1 Nxe1 26. Rxd8 Bxe5 27.
Ra8 Nxg2 28. Rxa6 Nf4 29. Rb6 Bd6 30. Bc8 Bc5 31. Rxb5 Bxf2 32. a4 Kf6 33. a5 e6
34. a6 Nxh3 35. Rb7 h5 36. a7 Bxa7 37. Rxa7 h4 38. Rh7 g5 39. Rh6+ Kg7 40. Rxe6
Nf4 41. Re3 Kf6 42. Bg4 Nd5 43. Rd3 Ke5 44. Rb3 Nf6 45. Rb4 Nxg4 46. Rxg4 Kf5
47. Rg1 h3 48. Rf1+ Ke5 49. Rg1 Kf4 50. Rf1+ Ke4 51. Rg1 Kf4 52. Rf1+ Ke4 53.
Rg1 Kf4 1/2-1/2

[Event "Titled Tue 3rd Jun Early"]
[Site "chess.com INT"]
[Date "2025.06.03"]
[Round "6"]
[White "Jaskolka, Tomasz"]
[Black "Shukhman, Anna"]
[Result "0-1"]
[WhiteTitle "CM"]
[BlackTitle "WGM"]
[WhiteElo "2200"]
[BlackElo "2413"]
[WhiteFideId "1170791"]
[BlackFideId "54180058"]
[EventDate "2025.06.03"]

1. d4 d5 2. Bf4 Nf6 3. e3 Bf5 4. c4 e6 5. Nc3 Bb4 6. Qb3 Nc6 7. Nf3 Ne4 8. Be2
Bxc3+ 9. bxc3 Na5 10. Qa3 Nxc4 11. Bxc4 dxc4 12. O-O g5 13. Be5 f6 14. Bg3 h5
15. h4 g4 16. Nh2 Nxg3 17. fxg3 Qd6 18. Qa4+ c6 19. Qxc4 O-O-O 20. Rf4 Qd5 21.
Qa4 Kb8 22. Nf1 Bd3 23. Rd1 Bb5 24. Qb3 Bc4 25. Qb4 a5 26. Qb2 e5 27. Rxf6 e4
28. Rb1 Rd7 29. Nd2 Bd3 30. c4 Qg8 31. Rc1 Qc8 32. d5 c5 33. Rb6 Rf8 34. Qc3 Qc7
35. Qxa5 Qxg3 36. Qxc5 Qf2+ 37. Kh2 Qxh4+ 38. Kg1 Qf2+ 39. Kh2 g3+ 40. Kh1 Rdf7
41. Qd6+ Ka7 42. Qa3+ Kxb6 43. c5+ Kc7 44. Qa5+ Kd7 45. c6+ Ke7 46. Qc5+ Kf6 47.
cxb7 Kg6 48. Qd6+ Kh7 0-1

[Event "Titled Tue 3rd Jun Early"]
[Site "chess.com INT"]
[Date "2025.06.03"]
[Round "6"]
[White "Moro Saidon, Gonzalo"]
[Black "Baturin-Vinogradov, Miroslav"]
[Result "1-0"]
[BlackTitle "CM"]
[WhiteElo "2100"]
[BlackElo "2010"]
[WhiteFideId "140082"]
[BlackFideId "55745741"]
[EventDate "2025.06.03"]

1. Nf3 d5 2. g3 Nf6 3. Bg2 c5 4. O-O Nc6 5. d4 e6 6. c4 Be7 7. Nc3 O-O 8. cxd5
exd5 9. dxc5 Bxc5 10. Bg5 d4 11. Ne4 Be7 12. Bxf6 Bxf6 13. b4 d3 14. Nxf6+ Qxf6
15. Qxd3 Nxb4 16. Qd4 Qe7 17. Qe5 Qxe5 18. Nxe5 Re8 19. Nd3 Nxd3 20. exd3 Bf5
21. Rfe1 Bxd3 22. Bxb7 Rab8 23. Bc6 Rxe1+ 24. Rxe1 Rb1 25. Rxb1 Bxb1 26. Bd5 Kf8
27. Kg2 f6 28. Kf3 Ke7 29. Ke3 Kd6 30. Kd4 g5 31. a3 h5 32. h4 Bg6 33. Bf3 a5
34. Kc4 Be8 35. Kd4 gxh4 36. gxh4 Bf7 37. Be2 Be8 38. Bc4 Bc6 39. Bf7 Bf3 40.
Bg6 Ke6 41. Ke3 Bd1 42. Kf4 Kd5 43. Kf5 Kc4 44. Bf7+ Kc3 45. Kxf6 Kb2 46. a4
Bxa4 47. Bxh5 Bb5 48. Bf7 Be2 49. Kg5 Kc3 50. h5 Bxh5 51. Kxh5 1-0

[Event "Titled Tue 3rd Jun Early"]
[Site "chess.com INT"]
[Date "2025.06.03"]
[Round "6"]
[White "Shankland, Sam"]
[Black "Triapishko, Alexandr"]
[Result "1-0"]
[WhiteTitle "GM"]
[BlackTitle "IM"]
[WhiteElo "2666"]
[BlackElo "2459"]
[WhiteFideId "2004887"]
[BlackFideId "14122286"]
[EventDate "2025.06.03"]

1. d4 d5 2. c4 e6 3. Nf3 c5 4. cxd5 exd5 5. g3 Nc6 6. Bg2 Nf6 7. O-O Be7 8. dxc5
Bxc5 9. Bg5 d4 10. Nbd2 O-O 11. Rc1 Bb6 12. Ne4 Bf5 13. Nxf6+ gxf6 14. Bh4 Re8
15. Nd2 Rc8 16. Nc4 Kg7 17. Qd2 Ne5 18. Qf4 Bg6 19. Nxe5 Rxc1 20. Qxc1 Rxe5 21.
Qd2 Qe7 22. Bf3 Be4 23. Qf4 Bxf3 24. exf3 Qe6 25. Kg2 Re2 26. Rd1 h5 27. Rd3 Qe5
28. Qc1 Re1 29. Qc2 Qf5 30. Qd2 Ra1 31. a3 a5 32. Rb3 Qd5 33. Rxb6 Qc4 34. Bxf6+
Kh7 35. Kh3 Rh1 36. Qf4 Qf1+ 37. Kh4 Rxh2+ 38. Kg5 Qd3 39. Qf5+ Qxf5+ 40. Kxf5
Rxf2 41. Bxd4 Rxf3+ 42. Kg5 Rxg3+ 43. Kxh5 Kg8 44. Rxb7 Rd3 45. Rb8+ Kh7 46.
Rh8# 1-0

[Event "Titled Tue 3rd Jun Early"]
[Site "chess.com INT"]
[Date "2025.06.03"]
[Round "6"]
[White "Rozman, Levy"]
[Black "Chiang, Jacob"]
[Result "1-0"]
[WhiteTitle "IM"]
[WhiteElo "2324"]
[BlackElo "2006"]
[WhiteFideId "2039877"]
[BlackFideId "30962331"]
[EventDate "2025.06.03"]

1. b3 c5 2. Bb2 Nc6 3. e3 d5 4. Bb5 Bd7 5. f4 Nf6 6. Nf3 e6 7. O-O Bd6 8. d3 a6
9. Bxc6 Bxc6 10. Ne5 O-O 11. Nd2 d4 12. exd4 Nd5 13. Ndc4 Bxe5 14. dxe5 b5 15.
Nd6 Ne3 16. Qe2 Nxg2 17. Qf2 Nh4 18. Qxc5 Nf3+ 19. Rxf3 Bxf3 20. Qf2 Bc6 21. c4
f6 22. Qg3 f5 23. c5 a5 24. a3 Ra7 25. Kf2 Kh8 26. h4 Bd5 27. d4 Qd7 28. Qg5
Bxb3 29. Rg1 b4 30. h5 bxa3 31. Bxa3 Bd5 32. h6 g6 33. Rb1 Kg8 34. Rb5 Bc4 35.
c6 Qxc6 36. Rc5 Qa4 37. Nxc4 Qc2+ 38. Kg3 Qd3+ 39. Kh4 Qxd4 40. Rc6 Qf2+ 41. Qg3
Qf1 42. Bxf8 Qh1+ 43. Kg5 Qh5+ 44. Kf6 Rf7+ 45. Kxe6 Qd1 46. Bd6 Rf8 47. Bxf8
Qh1 48. Rc8 Qb7 49. Nd6 Qb3+ 50. Qxb3 a4 51. Qb7 g5 52. Qg7# 1-0

[Event "Titled Tue 3rd Jun Early"]
[Site "chess.com INT"]
[Date "2025.06.03"]
[Round "6"]
[White "Tristan, Leonardo"]
[Black "Haug, Havard"]
[Result "1-0"]
[WhiteTitle "GM"]
[BlackTitle "FM"]
[WhiteElo "2536"]
[BlackElo "2354"]
[WhiteFideId "113816"]
[BlackFideId "1547887"]
[EventDate "2025.06.03"]

1. d4 Nf6 2. Nf3 e6 3. Bf4 b6 4. e3 Bb7 5. Nbd2 Nh5 6. Bg5 Be7 7. Bxe7 Qxe7 8.
g4 Nf6 9. Rg1 d6 10. g5 Ne4 11. Nxe4 Bxe4 12. Nd2 Bb7 13. Bg2 Bxg2 14. Rxg2 Nd7
15. Qf3 d5 16. c4 c6 17. a3 O-O 18. Ke2 e5 19. cxd5 exd4 20. dxc6 Ne5 21. Qe4
dxe3 22. Qxe3 Nxc6 23. Qxe7 Nxe7 24. Rg4 Nf5 25. Rc1 g6 26. Kf1 Rac8 27. Rgc4
Rxc4 28. Rxc4 Rd8 29. Ne4 Kg7 30. Rc7 Rd4 31. Ng3 Nxg3+ 32. hxg3 Rd5 33. Rxa7
Rxg5 34. Rb7 b5 35. Ra7 Rc5 36. Ra5 h5 37. Kg2 Rf5 38. f4 Rd5 39. Kh3 Rf5 40.
Kh4 Rd5 41. Kh3 Rf5 42. b3 f6 43. a4 Rc5 44. Rxb5 Rc1 45. a5 Ra1 46. b4 Ra2 47.
Rb6 g5 48. fxg5 fxg5 49. a6 Ra3 50. Kg2 Ra2+ 51. Kf3 Ra3+ 52. Ke4 Rxg3 53. Rb5
Rg4+ 54. Kf5 Rg1 55. a7 Rf1+ 56. Kxg5 Rf8 57. Rb8 Rf1 58. a8=Q Rg1+ 59. Kxh5 1-0

[Event "Titled Tue 3rd Jun Early"]
[Site "chess.com INT"]
[Date "2025.06.03"]
[Round "6"]
[White "Novosel, Lovro"]
[Black "Barseghyan, Armen Ar."]
[Result "0-1"]
[WhiteTitle "FM"]
[BlackTitle "IM"]
[WhiteElo "2346"]
[BlackElo "2348"]
[WhiteFideId "14547120"]
[BlackFideId "13306707"]
[EventDate "2025.06.03"]

1. d4 Nf6 2. c4 e6 3. Nf3 d5 4. g3 Be7 5. Bg2 O-O 6. O-O c6 7. Qc2 b6 8. Nbd2
Bb7 9. e4 dxe4 10. Nxe4 Nxe4 11. Qxe4 Nd7 12. Bf4 Nf6 13. Qe2 c5 14. Rfd1 cxd4
15. Nxd4 Bxg2 16. Kxg2 Qc8 17. b3 Qb7+ 18. Qf3 Qxf3+ 19. Kxf3 Rfd8 20. Nc6 Rxd1
21. Rxd1 Bf8 22. Be5 a6 23. Bxf6 gxf6 24. Rd7 b5 25. Ra7 Rxa7 26. Nxa7 bxc4 27.
bxc4 Bc5 28. Nc6 Kf8 29. Na5 Ke7 30. Nb3 Kd6 31. Ke2 Ba7 32. f3 f5 33. h3 h5 34.
a4 Kc6 35. g4 fxg4 36. fxg4 hxg4 37. hxg4 Kd6 38. Kf3 Ke5 39. Na5 Bb6 40. Nc6+
Kd6 41. Nb4 Kc5 42. Nxa6+ Kxc4 43. Nb8 Kd5 44. Nd7 Bd8 45. Kf4 e5+ 46. Kf5 e4
47. Ne5 e3 48. Nf3 e2 49. g5 Ba5 50. Kf6 Ke4 51. Kxf7 Kxf3 52. g6 Bc3 53. g7
Bxg7 54. Kxg7 e1=Q 0-1

[Event "Titled Tue 3rd Jun Early"]
[Site "chess.com INT"]
[Date "2025.06.03"]
[Round "6"]
[White "Filindash, Nikita"]
[Black "Manukian, Artak"]
[Result "0-1"]
[WhiteTitle "CM"]
[WhiteElo "2198"]
[BlackElo "2104"]
[WhiteFideId "34159983"]
[BlackFideId "13301373"]
[EventDate "2025.06.03"]

1. d4 Nf6 2. c4 e6 3. Nc3 Bb4 4. e3 O-O 5. Bd2 d5 6. Nf3 c5 7. cxd5 exd5 8. a3
Bxc3 9. Bxc3 c4 10. Qc2 Ne4 11. Be2 Bf5 12. Qc1 Nc6 13. O-O Rc8 14. Bd1 b5 15.
Bc2 a5 16. Qe1 Bg6 17. Ne5 Nxc3 18. Bxg6 hxg6 19. Qxc3 Nxe5 20. dxe5 Qb6 21.
Rfd1 Rfd8 22. Qd4 Qxd4 23. Rxd4 b4 24. axb4 axb4 25. Rc1 c3 26. bxc3 Rxc3 27.
Rf1 Rb8 28. Rb1 b3 29. h4 b2 30. Rdd1 Kf8 31. Kh2 Ke7 32. g3 Ke6 33. Kg2 Kxe5
34. Kf3 Rc2 35. Kg2 f6 36. Kf3 g5 37. hxg5 fxg5 38. Kg2 g4 39. Rf1 Rf8 40. Kg1
Rfc8 41. Kg2 Rd2 42. Kg1 Rcc2 43. Kg2 Ke4 44. Kh2 Kf3 45. Kg1 Rxf2 46. Rxf2+
Rxf2 47. Rd1 Rc2 48. Kf1 Rc1 0-1